000 00801nam a2200265 i 4500
001 bg
100 1 _aO'NEILL, Robert
245 1 0 _aKernel two /
_cRobert O'Neill ; with listening practice contributions by Claire Woolford.
_n[1],
_pStudents' book.
260 _aWarszawa :
_b[Wydaw. Naukowe] PWN,
_c1996=
_bPolish Scientific Publ.
300 _a[5], 123 s. :
_brys. ;
_c25 cm.
500 _aRepr., oryg. : Harlow : Longman, 1985.
504 _aIndeks.
650 9 _aJęzyk angielski
655 _aPodręczniki
700 1 _aWOOLFORD, Claire.
020 _a8301094397
020 _a0582516420 (oryg.)
040 _cBPK
041 0 _aen
080 _a811.11(07)
920 _a83-01-09439-7
920 _a0-582-51642-0 (oryg.)
942 _cKS
008 s pl f |000 0 pol
999 _c32067
_d32067